000 01123 a2200217 4500
003 Nust
005 20221101094643.0
010 _a 2004040139
020 _a0808738291
040 _cNust
082 0 0 _a510,LIE
100 1 _a Lieberman,Arthur
_9102094
245 1 0 _aBusiness math /
_cArthur Lieberman
250 _a Prelimnary ed.
260 _aToronto
_bBurgess Publishing company
_c1980.
300 _a597p. :
_bcol. ill. ;
_c31 cm
_e1 CD-ROM (4 3/4 in.).
505 _aSets Numbers and Algebraic Manipulation (Page-1), Equations and Inequalities (Page-51), Linear Algebra(Page-93), Linear Programming (Page-146), Mathematics of Finance (Page-200), Probability (Page-227), More Topics in Probability (Page-277), Application of Probability to Decision Making (Page-301), Functions and Graphs (Page-331), Differential Calculus (Page-385), Applications of derivatives (Page-423), Integral Calculus (Page-461), Applications of Integration (Page-496), Tables for Mathematics of Finances (Page-534).
650 0 _aBusiness mathematics.
_939083
700 1 _aHobbs, Margie J.,
_d1943-
_9102095
942 _2ddc
_cBK
_k510,LIE
999 _c180094
_d180094